[Event "HUN-chT2 Erkel 1819"]
[Site "Hungary"]
[Date "2019.04.28"]
[Round "9.2"]
[White "Horvath, Gabor"]
[Black "Trajber, Daniel"]
[Result "1/2-1/2"]
[WhiteElo "2143"]
[BlackElo "2010"]
[PlyCount "50"]
[EventDate "2018.10.28"]
[EventType "team-tourn"]
[EventRounds "9"]
[EventCountry "HUN"]
[SourceTitle "EXT 2021"]
[Source "ChessBase"]
[SourceDate "2020.10.23"]
[SourceVersion "1"]
[SourceVersionDate "2020.10.23"]
[SourceQuality "1"]
[WhiteTeam "Varosgazda Akademia"]
[BlackTeam "Vac"]
[WhiteTeamCountry "HUN"]
[BlackTeamCountry "HUN"]

1. e4 c5 2. Nc3 Nc6 3. Bb5 Nd4 4. Nf3 a6 5. Bd3 e6 6. Nxd4 cxd4 7. Ne2 d5 8. exd5 Qxd5 9. 0-0 Nf6 10. c3 dxc3 11. dxc3 b5 12. Nf4 Qc6 13. a4 b4 14. cxb4 Bxb4 15. Be3 0-0 16. Rc1 Qd6 17. Qf3 Bd7 18. Rfd1 Qe7 19. b3 e5 20. Nh5 Nxh5 21. Qxh5 g6 22. Qe2 Be6 23. Bh6 Bxb3 24. Bxf8 Bxd1 25. Rxd1 Rxf8 1/2-1/2

[Event "HUN-chT2 Erkel 1819"]
[Site "Hungary"]
[Date "2018.12.02"]
[Round "3.2"]
[White "Trajber, Daniel"]
[Black "Torok, Tamas Titusz"]
[Result "1-0"]
[WhiteElo "2010"]
[BlackElo "2094"]
[PlyCount "69"]
[EventDate "2018.10.28"]
[EventType "team-tourn"]
[EventRounds "9"]
[EventCountry "HUN"]
[SourceTitle "EXT 2021"]
[Source "ChessBase"]
[SourceDate "2020.10.23"]
[SourceVersion "1"]
[SourceVersionDate "2020.10.23"]
[SourceQuality "1"]
[WhiteTeam "Vac"]
[BlackTeam "Pestszentlorinc"]
[WhiteTeamCountry "HUN"]
[BlackTeamCountry "HUN"]

1. e4 e5 2. Nf3 Nc6 3. d4 exd4 4. Nxd4 Bc5 5. Be3 Bb6 6. c3 Nf6 7. Nd2 d6 8. Be2 0-0 9. 0-0 Re8 10. Qc2 Qe7 11. Nxc6 bxc6 12. Bxb6 axb6 13. Rfe1 Bb7 14. Bd3 Ng4 15. h3 Ne5 16. Bf1 Ng6 17. g3 Ba6 18. Bg2 Qd7 19. f4 d5 20. e5 Ne7 21. Nf3 c5 22. Ng5 g6 23. Nxf7 Nf5 24. Ng5 c6 25. g4 Ng7 26. Rad1 Qe7 27. b3 Rad8 28. c4 h6 29. Nf3 Qf7 30. Nh4 dxc4 31. Bxc6 Qxf4 32. Bxe8 Rxe8 33. Nxg6 Qg5 34. Qe4 cxb3 35. h4 1-0

[Event "Budapest FS07 FM"]
[Site "Budapest"]
[Date "2018.07.14"]
[Round "7"]
[White "Trajber, Daniel"]
[Black "Farago, Sandor"]
[Result "0-1"]
[WhiteElo "2028"]
[BlackElo "2205"]
[PlyCount "72"]
[EventDate "2018.07.07"]
[EventType "tourn"]
[EventRounds "9"]
[EventCountry "HUN"]
[SourceTitle "CBM 185 Extra"]
[Source "ChessBase"]
[SourceDate "2018.07.29"]
[SourceVersion "1"]
[SourceVersionDate "2018.07.29"]
[SourceQuality "1"]

1. e4 c5 2. Nf3 Nc6 3. d4 cxd4 4. Nxd4 d6 5. Nc3 Nf6 6. Bg5 Qa5 7. Bxf6 gxf6 8. Nb3 Qd8 9. Bd3 Rg8 10. g3 a6 11. f4 Bg4 12. Be2 Be6 13. Qd2 f5 14. 0-0-0 fxe4 15. Nxe4 h6 16. Qe3 Bg7 17. f5 Bxb3 18. Nxd6+ Kf8 19. Nxf7 Bxf7 20. Rxd8+ Rxd8 21. Bf3 Ne5 22. Re1 Rd7 23. b3 Bf6 24. Kb1 Kg7 25. g4 Nxf3 26. Qxf3 Rgd8 27. c3 b5 28. Rc1 Rd3 29. Qc6 R8d6 30. Qc8 Rh3 31. Rc2 Rd1+ 32. Kb2 b4 33. Qxa6 Rxc3 34. Rxc3 bxc3+ 35. Kc2 Rd2+ 36. Kc1 Bg5 0-1

[Event "HUN-chT2 Erkel 1718"]
[Site "Hungary"]
[Date "2017.10.29"]
[Round "3.2"]
[White "Papp, Gellert"]
[Black "Trajber, Daniel"]
[Result "1-0"]
[WhiteElo "2337"]
[BlackElo "2048"]
[PlyCount "87"]
[EventDate "2017.09.24"]
[EventType "team-tourn"]
[EventRounds "11"]
[EventCountry "HUN"]
[SourceTitle "EXT 2021"]
[Source "ChessBase"]
[SourceDate "2020.10.23"]
[SourceVersion "1"]
[SourceVersionDate "2020.10.23"]
[SourceQuality "1"]
[WhiteTeam "Szigetszentmiklos"]
[BlackTeam "Fot"]
[WhiteTeamCountry "HUN"]
[BlackTeamCountry "HUN"]

1. e4 c5 2. Nc3 Nc6 3. Bb5 Nd4 4. Bc4 e6 5. Nge2 a6 6. a4 Qc7 7. d3 Nf6 8. 0-0 Be7 9. Nxd4 cxd4 10. Ne2 Nxe4 11. Nxd4 Nf6 12. Re1 d5 13. Bb3 0-0 14. c3 e5 15. Nf3 Bg4 16. h3 Bxf3 17. Qxf3 e4 18. dxe4 dxe4 19. Qf5 g6 20. Qf4 Qb6 21. Bc2 Bd6 22. Qh4 Nh5 23. a5 Qc7 24. Qxe4 Rfe8 25. Qxe8+ Rxe8 26. Rxe8+ Kg7 27. Be3 Nf4 28. Rd1 Qc6 29. Re4 Ne6 30. Rh4 h5 31. Bb3 Be7 32. Bd5 Qb5 33. Re4 Qxb2 34. Bxe6 fxe6 35. Rxe6 Kf7 36. Rb6 Qxc3 37. Rxb7 Ke8 38. Rc1 Qxa5 39. Rc8+ Kf7 40. Rcc7 Qa1+ 41. Kh2 Qe5+ 42. Kh1 Qa1+ 43. Kh2 Qe5+ 44. g3 1-0

[Event "HUN-chT2 Erkel 1718"]
[Site "Hungary"]
[Date "2017.09.24"]
[Round "1.3"]
[White "Trajber, Daniel"]
[Black "Harmatosi, Jozsef"]
[Result "1/2-1/2"]
[WhiteElo "2048"]
[BlackElo "2137"]
[PlyCount "38"]
[EventDate "2017.09.24"]
[EventType "team-tourn"]
[EventRounds "11"]
[EventCountry "HUN"]
[SourceTitle "EXT 2021"]
[Source "ChessBase"]
[SourceDate "2020.10.23"]
[SourceVersion "1"]
[SourceVersionDate "2020.10.23"]
[SourceQuality "1"]
[WhiteTeam "Fot"]
[BlackTeam "Gyongyos Energia"]
[WhiteTeamCountry "HUN"]
[BlackTeamCountry "HUN"]

1. e4 Nc6 2. d4 d5 3. Nc3 Nf6 4. e5 Nd7 5. Nxd5 Ndb8 6. Ne3 Qxd4 7. Qxd4 Nxd4 8. c3 Ne6 9. Nf3 g6 10. Nc2 Bg7 11. Ncd4 Nxd4 12. cxd4 Be6 13. Be3 Nc6 14. Bb5 Bd5 15. 0-0 0-0-0 16. Rfd1 f6 17. exf6 Bxf6 18. Bxc6 Bxc6 19. Ne5 Bxe5 1/2-1/2

[Event "HUN-chT2 Erkel 1617"]
[Site "Hungary"]
[Date "2017.03.12"]
[Round "10.2"]
[White "Trajber, Daniel"]
[Black "Koczo, Kristof"]
[Result "1-0"]
[WhiteElo "2068"]
[BlackElo "2217"]
[PlyCount "73"]
[EventDate "2016.09.25"]
[EventType "team-tourn"]
[EventRounds "11"]
[EventCountry "HUN"]
[SourceTitle "EXT 2021"]
[Source "ChessBase"]
[SourceDate "2020.10.23"]
[SourceVersion "1"]
[SourceVersionDate "2020.10.23"]
[SourceQuality "1"]
[WhiteTeam "Fot"]
[BlackTeam "Budapest Kobanya II"]
[WhiteTeamCountry "HUN"]
[BlackTeamCountry "HUN"]

1. e4 c5 2. Nf3 d6 3. Bb5+ Bd7 4. Bxd7+ Qxd7 5. 0-0 Nc6 6. c3 Nf6 7. Re1 e6 8. d4 cxd4 9. cxd4 d5 10. e5 Ne4 11. Nbd2 Nxd2 12. Bxd2 Be7 13. Rc1 0-0 14. Rc3 Rac8 15. a3 Nb8 16. Rd3 Qb5 17. Bc3 Rc7 18. h4 Rfc8 19. Qd2 Nd7 20. Ng5 h6 21. Nxf7 Kxf7 22. Qf4+ Kg8 23. Rg3 Bxa3 24. Qxh6 Nf8 25. bxa3 Qb3 26. Ree3 Qxa3 27. Rg5 Rf7 28. Reg3 Rcc7 29. Rh5 Rfd7 30. Qh8+ Kf7 31. Rf3+ Ke8 32. Ba5 Rc1+ 33. Kh2 Qe7 34. Qg8 Rc4 35. Rh8 Qf7 36. Qxf8+ Qxf8 37. Rhxf8+ 1-0

[Event "Katowice POL-HUN 3rd"]
[Site "Katowice"]
[Date "2015.03.21"]
[Round "5"]
[White "Trajber, Daniel"]
[Black "Klekowski, Maciej"]
[Result "0-1"]
[WhiteElo "2135"]
[BlackElo "2434"]
[PlyCount "68"]
[EventDate "2015.03.21"]
[EventType "swiss (rapid)"]
[EventRounds "9"]
[EventCountry "POL"]
[SourceTitle "CBM 165 Extra"]
[Source "ChessBase"]
[SourceDate "2015.04.21"]
[SourceVersion "1"]
[SourceVersionDate "2015.04.21"]
[SourceQuality "1"]

1. e4 c5 2. Nf3 Nc6 3. d4 cxd4 4. Nxd4 Nf6 5. Nc3 e5 6. Ndb5 d6 7. Bg5 a6 8. Na3 b5 9. Bxf6 gxf6 10. Nd5 Bg7 11. Bd3 Ne7 12. Nxe7 Qxe7 13. 0-0 0-0 14. c4 f5 15. Qf3 bxc4 16. Nxc4 d5 17. exd5 e4 18. Qe2 Bb7 19. d6 Qe6 20. Bc2 f4 21. Rfe1 Rae8 22. Bb3 Qg6 23. Kh1 Kh8 24. d7 Rd8 25. Rad1 f5 26. Rd6 Qg5 27. Na5 Ba8 28. Red1 Be5 29. Re6 f3 30. gxf3 Bxh2 31. fxe4 Qh4 32. f3 Bf4+ 33. Kg1 Rg8+ 34. Kf1 Qh1+ 0-1

[Event "EU-ch rapid"]
[Site "Wroclaw"]
[Date "2014.12.20"]
[Round "2"]
[White "Edouard, Romain"]
[Black "Trajber, Daniel"]
[Result "1-0"]
[WhiteElo "2659"]
[BlackElo "2135"]
[PlyCount "49"]
[EventDate "2014.12.20"]
[EventType "swiss (rapid)"]
[EventRounds "11"]
[EventCountry "POL"]
[SourceTitle "CBM 164 Extra"]
[Source "ChessBase"]
[SourceDate "2015.03.02"]
[SourceVersion "1"]
[SourceVersionDate "2015.03.02"]
[SourceQuality "1"]

1. d4 d5 2. c4 c6 3. Nf3 Nf6 4. Nbd2 e6 5. g3 Bd6 6. Bg2 0-0 7. 0-0 Nbd7 8. Qc2 e5 9. cxd5 cxd5 10. dxe5 Nxe5 11. Nxe5 Bxe5 12. Nf3 Bd6 13. Be3 Be6 14. Rad1 Rc8 15. Qd3 Qa5 16. a3 Ne4 17. Nd4 Nc5 18. Qb1 Na4 19. Nf5 Bxf5 20. Qxf5 Nxb2 21. Rxd5 Qxa3 22. Bd4 Nc4 23. Bxg7 f6 24. Be4 Kxg7 25. Qxh7# 1-0

[Event "HUN-chT2 Erkel 1314"]
[Site "Hungary"]
[Date "2014.04.27"]
[Round "11.3"]
[White "Trajber, Daniel"]
[Black "Fordan, Tibor"]
[Result "1/2-1/2"]
[WhiteElo "2099"]
[BlackElo "2227"]
[PlyCount "115"]
[EventDate "2013.09.08"]
[EventType "team-tourn"]
[EventRounds "11"]
[EventCountry "HUN"]
[SourceTitle "EXT 2016"]
[Source "ChessBase"]
[SourceDate "2015.10.08"]
[SourceVersion "1"]
[SourceVersionDate "2015.10.08"]
[SourceQuality "1"]
[WhiteTeam "Fot"]
[BlackTeam "Budapest EAC II"]
[WhiteTeamCountry "HUN"]
[BlackTeamCountry "HUN"]

1. e4 e5 2. Nf3 Nc6 3. Bb5 a6 4. Ba4 Nf6 5. 0-0 Nxe4 6. d4 b5 7. Bb3 d5 8. dxe5 Be6 9. Nbd2 Nc5 10. Re1 Be7 11. Nf1 0-0 12. Be3 Nxb3 13. cxb3 Bg4 14. Bf4 Bb4 15. Re3 Re8 16. Rd3 Bxf3 17. gxf3 Nxe5 18. Rxd5 Qf6 19. Bxe5 Rxe5 20. Rxe5 Qxe5 21. Qc2 Re8 22. Rd1 Bd6 23. Qc6 Qe6 24. Ng3 h5 25. Qd5 Qf6 26. Nxh5 Qxb2 27. Rd2 Qb1+ 28. Kg2 Re1 29. Qa8+ Kh7 30. Ng3 Bxg3 31. fxg3 Rg1+ 32. Kh3 Qf5+ 33. g4 Qf4 34. Qe4+ Qxe4 35. fxe4 Kg6 36. Rc2 Re1 37. Rxc7 Re3+ 38. Kg2 Re2+ 39. Kf3 Rxa2 40. h4 Ra3 41. Rc6+ f6 42. Kf4 Rxb3 43. Rxa6 Rb1 44. h5+ Kh7 45. Ke3 b4 46. Rb6 b3 47. Kf2 b2 48. Kg2 Kg8 49. Rb7 Kf8 50. e5 fxe5 51. g5 e4 52. g6 Rc1 53. Rxb2 Rc5 54. Rb8+ Ke7 55. Rb7+ Kf6 56. Rf7+ Kg5 57. Rxg7 Kxh5 58. Re7 1/2-1/2

[Event "HUN-chT2 Erkel 1314"]
[Site "Hungary"]
[Date "2013.09.22"]
[Round "2.4"]
[White "Trajber, Daniel"]
[Black "Nagy, Ervin"]
[Result "1/2-1/2"]
[WhiteElo "2099"]
[BlackElo "2282"]
[PlyCount "80"]
[EventDate "2013.09.08"]
[EventType "team-tourn"]
[EventRounds "11"]
[EventCountry "HUN"]
[SourceTitle "EXT 2016"]
[Source "ChessBase"]
[SourceDate "2015.10.08"]
[SourceVersion "1"]
[SourceVersionDate "2015.10.08"]
[SourceQuality "1"]
[WhiteTeam "Fot"]
[BlackTeam "Budapest Honved"]
[WhiteTeamCountry "HUN"]
[BlackTeamCountry "HUN"]

1. e4 e5 2. Nf3 Nc6 3. d4 exd4 4. Nxd4 Bb4+ 5. c3 Bc5 6. Be3 Bb6 7. Bc4 d6 8. 0-0 Nf6 9. f3 Ne5 10. Be2 d5 11. exd5 Nxd5 12. Bf2 0-0 13. Nd2 Nf4 14. Nc4 Qg5 15. Bg3 Nxe2+ 16. Qxe2 Nxc4 17. Qxc4 Be6 18. Qe2 Rad8 19. Bf2 Bc8 20. Rfe1 c6 21. Rad1 h6 22. Kh1 Rd5 23. c4 Rd7 24. Nb3 Rxd1 25. Rxd1 Bxf2 26. Qxf2 b6 27. c5 Rd8 28. Rxd8+ Qxd8 29. h3 Be6 30. Qd4 Qxd4 31. Nxd4 bxc5 32. Nxc6 Bxa2 33. Nxa7 Bc4 34. Nc6 f6 35. b4 cxb4 36. Nxb4 h5 37. g3 Kf7 38. Kg2 Ke6 39. Kf2 g5 40. Ke3 Kf5 1/2-1/2

[Event "Split op 2nd"]
[Site "Split"]
[Date "2012.08.17"]
[Round "7"]
[White "Rimanic, Luka"]
[Black "Trajber, Daniel"]
[Result "0-1"]
[WhiteElo "1985"]
[BlackElo "2100"]
[PlyCount "72"]
[EventDate "2012.08.11"]
[EventType "swiss"]
[EventRounds "9"]
[EventCountry "CRO"]
[SourceTitle "CBM 149 Extra"]
[Source "ChessBase"]
[SourceDate "2012.08.24"]
[SourceVersion "1"]
[SourceVersionDate "2012.08.24"]
[SourceQuality "1"]

1. e4 c5 2. Nc3 Nc6 3. f4 g6 4. Nf3 Bg7 5. Bb5 Nd4 6. Bc4 e6 7. e5 d5 8. Nxd4 cxd4 9. Bb5+ Bd7 10. Bxd7+ Qxd7 11. Ne2 f6 12. Nxd4 fxe5 13. fxe5 Bxe5 14. Nf3 Bg7 15. d4 Ne7 16. c3 0-0 17. Bg5 Nf5 18. 0-0 h6 19. Bd2 Nd6 20. Ne5 Bxe5 21. dxe5 Nf7 22. Qe2 Ng5 23. Bxg5 hxg5 24. Rf6 Rxf6 25. exf6 Qd6 26. h4 Qb6+ 27. Kh2 Kf7 28. Qg4 Rh8 29. Qxg5 Qf2 30. Kh3 Qxb2 31. Rf1 Qxc3+ 32. Rf3 Qe1 33. g4 Qh1+ 34. Kg3 e5 35. h5 Qg1+ 36. Kh3 Rxh5+ 0-1

[Event "Split op 2nd"]
[Site "Split"]
[Date "2012.08.12"]
[Round "2"]
[White "Trajber, Daniel"]
[Black "Srbis, Jurica"]
[Result "0-1"]
[WhiteElo "2100"]
[BlackElo "2298"]
[PlyCount "186"]
[EventDate "2012.08.11"]
[EventType "swiss"]
[EventRounds "9"]
[EventCountry "CRO"]
[SourceTitle "CBM 149 Extra"]
[Source "ChessBase"]
[SourceDate "2012.08.24"]
[SourceVersion "1"]
[SourceVersionDate "2012.08.24"]
[SourceQuality "1"]

1. d4 Nf6 2. c4 e6 3. Nc3 c5 4. d5 exd5 5. cxd5 d6 6. Nf3 g6 7. h3 a6 8. a4 Qe7 9. Bf4 Bg7 10. e3 0-0 11. Be2 Nbd7 12. 0-0 h6 13. Nd2 Ne8 14. e4 Ne5 15. Bh2 g5 16. f4 gxf4 17. Bxf4 Bd7 18. Nc4 Ng6 19. Be3 Nf6 20. Qc2 Rae8 21. Bf3 Nh7 22. Rae1 Ng5 23. Bxg5 hxg5 24. Nb6 Ne5 25. Nxd7 Qxd7 26. g4 Ng6 27. Ne2 Be5 28. Bg2 Nh4 29. Qd2 f6 30. b3 b5 31. a5 Qc7 32. Rc1 Qa7 33. Kh1 Rf7 34. Qe3 b4 35. Rc2 Qc7 36. Ng3 Bxg3 37. Qxg3 Re5 38. Ra1 Qe7 39. Rc4 Rf8 40. Qd3 Re8 41. Re1 Qb7 42. Rcc1 Ng6 43. Bf1 Nf4 44. Qxa6 Qxa6 45. Bxa6 Ra8 46. Bc4 Rxa5 47. Re3 Re7 48. Rc2 Rea7 49. h4 Ra1+ 50. Kh2 Ng6 51. h5 Nf4 52. Kg3 Rg1+ 53. Kf3 Kg7 54. Rd2 Raa1 55. Rh2 Kh6 56. Bb5 Rh1 57. Rxh1 Rxh1 58. Kf2 Ra1 59. Bc4 Ra2+ 60. Kf3 Nh3 61. Kg3 Nf4 62. Kf3 Ra1 63. Kf2 Rc1 64. Kf3 Rg1 65. Bb5 Kg7 66. Bc4 Rc1 67. Kf2 Rc2+ 68. Kf3 Nh3 69. Kg3 Rc3 70. Kf3 Nf4 71. Bb5 Rc1 72. Kf2 Ra1 73. Bc4 Kh6 74. Bb5 Ra2+ 75. Kf3 Ng2 76. Re2 Nh4+ 77. Ke3 Ra1 78. Rf2 Kg7 79. h6+ Kf7 80. Bc6 Ng6 81. h7 Kg7 82. Be8 Ne5 83. Bh5 Ra8 84. h8Q+ Rxh8 85. Ra2 Rd8 86. Ra7+ Rd7 87. Ra6 Kf8 88. Ra8+ Kg7 89. Ra6 Rb7 90. Kd2 c4 91. bxc4 b3 92. Kc1 b2+ 93. Kb1 Nxc4 0-1

[Event "Kisber op"]
[Site "Kisber"]
[Date "2011.07.23"]
[Round "4"]
[White "Voros, Gellert"]
[Black "Trajber, Daniel"]
[Result "1/2-1/2"]
[WhiteElo "1936"]
[BlackElo "2110"]
[PlyCount "39"]
[EventDate "2011.07.21"]
[EventType "swiss"]
[EventRounds "7"]
[EventCountry "HUN"]
[SourceTitle "EXT 2012"]
[Source "ChessBase"]
[SourceDate "2011.11.24"]
[SourceVersion "1"]
[SourceVersionDate "2011.11.24"]
[SourceQuality "1"]

1. e4 c5 2. c3 d5 3. exd5 Qxd5 4. d4 g6 5. Nf3 Bg7 6. Be3 cxd4 7. Bxd4 Nf6 8. Be2 Nc6 9. 0-0 e5 10. Be3 0-0 11. Na3 Bg4 12. h3 Qxd1 13. Rfxd1 Bxf3 14. Bxf3 e4 15. Be2 Rfd8 16. Nb5 Nd5 17. Rxd5 Rxd5 18. Nc7 Rad8 19. Nxd5 Rxd5 20. Rd1 1/2-1/2

[Event "Kisber op"]
[Site "Kisber"]
[Date "2011.07.22"]
[Round "3"]
[White "Trajber, Daniel"]
[Black "Molnar, Erno"]
[Result "1-0"]
[WhiteElo "2110"]
[BlackElo "1760"]
[PlyCount "65"]
[EventDate "2011.07.21"]
[EventType "swiss"]
[EventRounds "7"]
[EventCountry "HUN"]
[SourceTitle "EXT 2012"]
[Source "ChessBase"]
[SourceDate "2011.11.24"]
[SourceVersion "1"]
[SourceVersionDate "2011.11.24"]
[SourceQuality "1"]

1. d4 Nf6 2. c4 c5 3. d5 b5 4. e3 b4 5. Nf3 d6 6. h3 g6 7. Bd3 Bg7 8. a3 bxa3 9. Rxa3 0-0 10. 0-0 e6 11. Nc3 exd5 12. cxd5 Bb7 13. e4 Nbd7 14. Bf4 Qe7 15. Nb5 Ne8 16. Rxa7 Rxa7 17. Nxa7 Nc7 18. Re1 Ra8 19. Nc6 Bxc6 20. dxc6 Nb8 21. Bc4 Bxb2 22. Bxd6 Qd8 23. Bxc7 Qxc7 24. Qb3 Bf6 25. e5 Bg7 26. e6 fxe6 27. Bxe6+ Kh8 28. Ng5 Nxc6 29. Nf7+ Kg8 30. Ne5+ Kh8 31. Nxc6 Qxc6 32. Bd5 Qa4 33. Qxa4 1-0

[Event "Pula op 25th"]
[Site "Pula"]
[Date "2011.06.19"]
[Round "2"]
[White "Kovacevic, Blazimir"]
[Black "Trajber, Daniel"]
[Result "1-0"]
[WhiteElo "2474"]
[BlackElo "2152"]
[PlyCount "87"]
[EventDate "2011.06.18"]
[EventType "swiss"]
[EventRounds "9"]
[EventCountry "CRO"]
[SourceTitle "CBM 143 Extra"]
[Source "ChessBase"]
[SourceDate "2011.08.29"]
[SourceVersion "1"]
[SourceVersionDate "2011.08.29"]
[SourceQuality "1"]

1. d4 d5 2. c4 dxc4 3. Nf3 Nf6 4. e3 e6 5. Bxc4 c5 6. 0-0 a6 7. b3 b5 8. Be2 Bb7 9. Bb2 Nbd7 10. Nbd2 Be7 11. a4 Qb6 12. dxc5 Bxc5 13. axb5 axb5 14. Nd4 b4 15. Nc4 Qd8 16. Bf3 Rxa1 17. Qxa1 Bxf3 18. Nxf3 0-0 19. Nfe5 Nxe5 20. Bxe5 Be7 21. Rd1 Qa8 22. Bxf6 Bxf6 23. Qb1 Rd8 24. g3 Rxd1+ 25. Qxd1 Qa1 26. Qxa1 Bxa1 27. Kf1 Kf8 28. Ke2 Ke7 29. Nd2 f5 30. Kd3 Bc3 31. Nb1 Be5 32. Kc4 Bd6 33. Nd2 Kd7 34. Nf3 g6 35. Nd4 e5 36. Nc2 f4 37. e4 g5 38. g4 Ke6 39. Nxb4 Bb8 40. f3 Ba7 41. Nd5 h5 42. h3 h4 43. Nc7+ Kd7 44. Nb5 1-0

[Event "HUN-chT2 Erkel 1011"]
[Site "Hungary"]
[Date "2011.04.17"]
[Round "9.1"]
[White "Darazs, Zoltan"]
[Black "Trajber, Daniel"]
[Result "1-0"]
[WhiteElo "2176"]
[BlackElo "2152"]
[PlyCount "91"]
[EventDate "2010.09.12"]
[EventType "team-tourn"]
[EventRounds "11"]
[EventCountry "HUN"]
[SourceTitle "EXT 2012"]
[Source "ChessBase"]
[SourceDate "2011.11.24"]
[SourceVersion "1"]
[SourceVersionDate "2011.11.24"]
[SourceQuality "1"]
[WhiteTeam "Jaszbereny"]
[BlackTeam "Vaci"]
[WhiteTeamCountry "HUN"]
[BlackTeamCountry "HUN"]

1. e4 c6 2. d4 d5 3. Nc3 dxe4 4. Nxe4 Nf6 5. Nxf6+ exf6 6. c3 Bd6 7. Bd3 0-0 8. Qc2 Re8+ 9. Ne2 g6 10. h4 Nd7 11. h5 Nf8 12. Bh6 f5 13. 0-0-0 Qa5 14. b3 Be6 15. Nf4 Qc7 16. Nxe6 fxe6 17. hxg6 Bf4+ 18. Kb2 Nxg6 19. g4 Bxh6 20. Rxh6 Qf4 21. Rdh1 Qxg4 22. Rxh7 Re7 23. Rxe7 Nxe7 24. Qc1 Qg7 25. Rg1 Ng6 26. Qg5 Kf7 27. Be2 Qf6 28. Qh5 Rg8 29. a4 Ke7 30. Bc4 Rg7 31. Qh6 Kf7 32. Re1 Nf8 33. Qf4 Rg4 34. Qb8 Qe7 35. Qxa7 Rg2 36. Re2 f4 37. Qa5 Rg5 38. Re5 b5 39. axb5 Rxe5 40. dxe5 Qc5 41. Qc7+ Kg8 42. Qxc6 Qxf2+ 43. Ka3 Qa7+ 44. Kb4 Qe7+ 45. Qd6 Qf7 46. b6 1-0